000 005520000a22001930004500
003 LK-CoMWRAF
005 20240624172528.0
008 230817t1991 ||||| |||| 00| 0 eng d
040 _aLK-CoMWRAF
_dLK-CoMWRAF
_eLK-CoMWRAF
041 _aeng
082 _a923
_bCOO
100 _aCoomaraswamy, Radhika
245 _aSir Muttu Coomaraswamy:
_bBritish shadows and Sri Lankan dreams
260 _aColombo:
_bLaw and Society Trust,
_c1991
300 _a42 p.
490 _aLaw and society trust lecture series
650 _aLAWYERS-Sri Lanka
942 _cBK
999 _c548
_d548